| 000 | 00511nam a2200157 i 4500 | ||
|---|---|---|---|
| 001 | 60302 | ||
| 003 | ES-MaACL | ||
| 007 | t| | ||
| 008 | 031104s1941 sp ||||1| spa d | ||
| 100 | 1 |
_aEspejo de Hinojosa, Ricardo. _947799 |
|
| 245 | 1 | 0 |
_aSíntesis de conomía política _b: (con un capítulo sobre estadística) / _cpor Ricardo Espejo de Hinojosa. |
| 250 | _a8ª ed. rev. y aum. | ||
| 260 |
_aBarcelona : _b[s.n.], _c1941 ( _fClarasó) |
||
| 300 |
_a429 p. ; _c21 cm. |
||
| 852 |
_aES-MaACL _jB-9716 _bR.19382 |
||
| 999 |
_c60302 _d60302 |
||